| 000 | 02463nam0a2200397 4500 | ||
|---|---|---|---|
| 001 | RU\NLR\BIBL_A\022549004 | ||
| 005 | 20260420044831.0 | ||
| 010 |
_a978-5-7307-2290-3 _9500 |
||
| 021 |
_aRU _bКН-П-25-017825 _9КН-П-25-1812 |
||
| 035 | _a(NLR Aleph) 022549004 | ||
| 090 |
_a13673158 _c13673158 |
||
| 100 | _a20250523d2024 k y0rusy50 ca | ||
| 101 | 0 | _arus | |
| 102 | _aRU | ||
| 105 | _aa z 000yy | ||
| 181 | 0 |
_ai _baxxe |
|
| 182 | 0 | _an | |
| 200 | 1 |
_aЦенностные основания гражданской идентичности студентов _eмонография _fА. О. Акимова, канд. филос. наук О. М. Бузская, канд. филос. наук С. М. Витяев [и др.] _gответственный научный редактор: доктор философских наук Н. М. Мамедова _gМинистерство науки и высшего образования Российской Федерации, Федеральное государственное бюджетное образовательное учреждение высшего образования "Российский экономический университет имени Г. В. Плеханова" (ФГБОУ ВО "РЭУ им. Г.В. Плеханова") |
|
| 203 |
_aТекст _bвизуальный _cнепосредственный |
||
| 210 |
_aМосква _cРЭУ им. Г. В. Плеханова _d2024 |
||
| 215 |
_a174 с. _cил. _d21 |
||
| 300 | _aАвт. указаны на обороте тит. с. | ||
| 320 | _aБиблиогр.: с. 153–174 (193 назв.) и в подстроч. примеч. | ||
| 606 | 1 |
_aСтуденты _xГражданская культура _xСоциологические исследования _92515702 _3RU\NLR\AUTH\661491060 |
|
| 686 | 1 | _aС550.55 | |
| 686 | 1 | _aС550.511 | |
| 701 | 1 |
_aАкимова _bА. О. |
|
| 701 | 1 |
_aБузская _bО. М. _gОльга Маратовна |
|
| 701 | 1 |
_aВитяев _bС. М. _gСергей Михайлович |
|
| 702 | 1 |
_aМамедова _bН. М. _gНаталия Михайловна _4340 |
|
| 712 | 0 | 2 |
_4475 _aРоссийский экономический университет им. Г. В. Плеханова _9864792 _3RU\NLR\AUTH\8810184025 |
| 942 | _cBOOK | ||
| 980 | _aNB | ||